Представление документа в формате RUSMARC

ПолеНазваниеЗначение
  Тип записи a
  Библиографический уровень m
001 Контрольный номер RU/УОНБ/EK/518524749
005 Дата корректировки 20250520121945.0
010 Индекс ISBN __
a ISBN 978-5-9710-3194-9
d Цена 100 р.
b Уточнения в пер.
100 Данные общей обработки __
a Данные общей обработки 20160606d2016 u y0rusy0189||||ca
101 Язык документа 0_
a Язык текста rus
102 Страна публикации __
a Страна публикации RU
105 Кодированные данные (монография) __
a Кодированные данные (монография) a z 001yb
200 Заглавие и сведения об ответственности 1_
a Заглавие Мои воспоминания
e Сведения, относящиеся к заглавию рассказы выдающегося ученого об истории кораблестроения, математики, механики, астрономии
f Первые сведения об ответственности А.Н. Крылов
g Последующие сведения об ответственности предисл. А.П. Капицы
205 Сведения об издании __
a Основные сведения об издании 9-е изд., испр. и доп.
210 Выходные данные 1_
a Место издания Москва
c Издательство [ЛЕНАНД]
d Дата издания 2016
215 Физическое описание __
a Объем 512 с.
c Иллюстрации/тип воспроизводства ил., фот.
d Формат 22 см
225 Серия 1_
a Серия Наука в СССР: Через тернии к звездам
v Обозначение тома № 40
320 Библиография __
a Библиография Библиогр. в подстроч. примеч.
606 Тематические рубрики 0_
a Основная рубрика Кораблестроение в СССР
x Основная подрубрика История
j Формальный подзаголовок Воспоминания и записки
610 Ключевые слова 0_
a Ключевые слова кораблестроение - история
610 Ключевые слова 0_
a Ключевые слова кораблестроение в СССР
610 Ключевые слова 0_
a Ключевые слова Крылов А.И. - ученый
610 Ключевые слова 0_
a Ключевые слова математика - история
610 Ключевые слова 0_
a Ключевые слова механика - история
610 Ключевые слова 0_
a Ключевые слова астрономия - история
610 Ключевые слова 0_
a Ключевые слова военно-морской флот - история
610 Ключевые слова 0_
a Ключевые слова наука в СССР - история
686 Индексы других классификаций __
a Классификационный индекс 39.4г
2 Код системы rubbk
700 Автор _1
a Фамилия Крылов
b Имя (инициалы) А.Н.
g Полное личное имя Алексей Николаевич
702 Вторичная интеллектуальная ответственность _1
a Фамилия Капица
b Имя (инициалы) А.П.
4 Код отношения 080
801 Источник записи _0
a Страна RU
b Организация Ульяновская ОНБ
c Дата составления 20160606
g Правила каталогизации RCR
801 Источник записи _1
a Страна RU
b Организация Ульяновская ОНБ
c Дата составления 20160606
g Правила каталогизации RCR
901 Тип документа __
t Тип документа m
909 Создатель записи __
a Создатель записи Батталова
b Дата создания записи 20160805
938 Служебная информация __
a Имя БД books
b Имя библиотеки УОНБ
c Имя АИБС МАРК-SQL
d Номер DOC_ID в БД 323505